000 01203cam a2200157 4500500
005 20260111102012.0
041 _afre
042 _adc
100 1 0 _aEngel, Jean-Pierre
_eauthor
245 0 0 _aÉcrit sur le vif... Trajets de vie en Afrique
260 _c2005.
500 _a92
520 _aRésumé L’auteur témoigne d’une expérience de cer au Burkina Faso, « pays des hommes intègres », anciennement Haute Volta. Les hommes s’y disaient intègres, certains le sont restés, parce qu’un révolutionnaire, le capitaine Sankara, les avait voulus ainsi. Il est mort, peut être même en est-il mort ? Nous ne sommes pourtant pas pour autant allés chercher la justice ailleurs en venant au Burkina Faso mais nous sommes allés dans un pays (et il y en a d’autres) où la liberté se gagne et où l’égalité et la fraternité se cherchent, nous sommes partis à la recherche de valeurs disparues, à la rencontre d’hommes et de femmes qui savent et subissent le poids, la douleur, le prix des choses de la vie.
786 0 _nEmpan | 59 | 3 | 2005-09-01 | p. 123-129 | 1152-3336
856 4 1 _uhttps://shs.cairn.info/revue-empan-2005-3-page-123?lang=fr&redirect-ssocas=7080
999 _c1629779
_d1629779